“The” enigma of capital : (Record no. 614195)

MARC details
000 -LEADER
fixed length control field 00465nam a2200181 a 4500
008 - FIXED-LENGTH DATA ELEMENTS--GENERAL INFORMATION
fixed length control field 260220s2010##################000#0#eng##
020 ## - INTERNATIONAL STANDARD BOOK NUMBER
ISBN 9781846683084
082 04 - DEWEY DECIMAL CLASSIFICATION NUMBER
Classification number 330.122
Item number HAR
100 1# - MAIN ENTRY--AUTHOR NAME
Personal name Harvey, David (Geograph),
245 10 - TITLE STATEMENT
Title “The” enigma of capital :
260 ## - PUBLICATION, DISTRIBUTION, ETC. (IMPRINT)
Year of publication 2010.
650 #0 - SUBJECT ADDED ENTRY--TOPICAL TERM
Topical Term Capitalism.
942 ## - ADDED ENTRY ELEMENTS (KOHA)
Koha item type English Books

No items available.

Find us on the map